Multiple Choice City Quiz - São Paulo - Statistics

General Stats
  • This quiz has been taken 97 times
  • The average score is 8 of 10
Answer Stats
Question Answer % Correct
São Paulo is the capital of which Brazilian state? São Paulo
95%
Which product indirectly boosted the city's growth from the 19th century onwards? Coffee
93%
On what circuit does the São Paulo GP in F1 take place? Interlagos
93%
Which river flows through São Paulo? Tietê
91%
Which of these bridges is located in São Paulo?
89%
Which of these is NOT a soccer club from the city? Fluminense
84%
What year was São Paulo founded? 1554
82%
After New York, São Paulo is the second city that consumes the most of which food in the world? Pizza
81%
São Paulo has a large number of descendants of these immigrants, except: English
75%
What notorious event took place in São Paulo in 1822? Proclamation of Brazilian Independence
63%
No matching quizzes found
Score Distribution
Percent of People with Each Score
Percentile by Number Answered
Your Score History
You have not taken this quiz